Temas clave en marketing relacional

Guardat en:
Dades bibliogràfiques
Autor principal: Alfaro Faus, Manuel (Autor)
Format: Llibre
Idioma:espanyol
Publicat: Madrid McGrawHill 2004
Edició:1a. ed
Matèries:
Etiquetes: Afegir etiqueta
Sense etiquetes, Sigues el primer a etiquetar aquest registre!

MARC

LEADER 00000cam a2200000 a 4500
001 UCD6475
003 CL-VaPUC
008 161209e20040000sp |||||||||||||||||spa|d
020 |a 8448142365 
082 0 4 |a 658.8  |b ALF  |2 21 
100 0 |a Alfaro Faus, Manuel  |e author  |9 590296 
245 1 0 |a Temas clave en marketing relacional 
250 |a 1a. ed 
300 |a 229 p 
942 |c BK 
945 |d 20161209 23:21:00  |a arojas 
260 |a Madrid  |b McGrawHill  |c 2004 
650 0 |a Marketing  |9 259324 
650 0 |a Marketing estratégico  |9 358049 
650 0 |a Gestión de marketing  |9 496779 
583 |a last modification  |c 20161209 23:21:00  |k Rodrigo Vera 
999 |c 366790  |d 366788